55. výročí zasedání MMF a Světové banky

V dňoch 26.-28.9.2000 sa uskutočnilo v Prahe 55.výročie zasadania rady guvernérov Medzinárodného menového fondu a Skupiny Svetovej banky a nieslo sa v znamení globalizácie sveta.

Na minha lista:
Detalhes bibliográficos
Autor principal: Sedláček, Petr
Formato: Capítulo de Livro
Idioma:tcheco
Assuntos:
Tags: Adicionar Tag
Sem tags, seja o primeiro a adicionar uma tag!

MARC

LEADER 00000naa a2200000 4500
001 r039946
005 20231003114229.0
041 0 |a cze 
044 |a CZ 
245 1 0 |a 55. výročí zasedání MMF a Světové banky  |c Petr Sedláček 
520 |a V dňoch 26.-28.9.2000 sa uskutočnilo v Prahe 55.výročie zasadania rady guvernérov Medzinárodného menového fondu a Skupiny Svetovej banky a nieslo sa v znamení globalizácie sveta. 
610 2 0 |a globalizácia 
610 2 0 |a Medzinárodný menový fond 
610 2 0 |a Svetová banka 
610 2 0 |a Česko 
610 2 0 |a Praha 
610 2 0 |a hospodárstvo svetové 
610 2 0 |a 2000 
100 1 |a Sedláček, Petr